书目信息 |
| 题名: |
美国现实主义和自然主义
|
|
| 作者: | 皮泽 主编 ;张国庆 译 | |
| 分册: | ||
| 出版信息: | 武汉 武汉大学出版社 2009.08 |
|
| 页数: | 226页 | |
| 开本: | 24cm | |
| 丛书名: | 剑桥文学指南 | |
| 单 册: | ||
| 中图分类: | I712.06 | |
| 科图分类: | ||
| 主题词: | 自然主义--zi ran zhu yi--文学研究--美国 , 现实主义--xian shi zhu yi--文学研究--美国 | |
| 电子资源: | ||
| ISBN: | 978-7-307-07261-9 | |
| 000 | 01467nam 2200349 450 | |
| 001 | 1258906703 | |
| 005 | 20120217162202.01 | |
| 010 | @a978-7-307-07261-9@dCNY29.00 | |
| 100 | @a20091023d2009 em y0chiy50 ea | |
| 101 | 1 | @achi@ceng |
| 102 | @aCN@b420000 | |
| 105 | @aa z 000yy | |
| 106 | @ar | |
| 200 | 1 | @a美国现实主义和自然主义@Amei guo xian shi zhu yi he zi ran zhu yi@e豪威尔斯到杰克·伦敦@d= American realism and naturalism@ehowells to London@f(美) 唐纳德·皮泽尔主编@g张国庆译@zeng |
| 210 | @a武汉@c武汉大学出版社@d2009.08 | |
| 215 | @a226页@d24cm | |
| 225 | 2 | @a剑桥文学指南@Ajian qiao wen xue zhi nan |
| 306 | @a本书中文版专有出版权由剑桥大学出版社授权出版 | |
| 314 | @a责任者Pizer规范汉译姓: 皮泽 | |
| 320 | @a有书目 | |
| 330 | @a本书分为三部分,第一部分为历史语境,分别探讨了现实主义和自然主义的美国背景和欧洲背景;第二部分涉及当代批评的有关问题;第三部分为个案分析,详细讨论了豪威尔斯、亨利·詹姆斯等著名现实主义和自然主义作家的作品和创作。 | |
| 410 | 0 | @12001 @a剑桥文学指南 |
| 510 | 1 | @aAmerican realism and naturalism@ehowells to London@zeng |
| 517 | 1 | @a豪威尔斯到杰克·伦敦@Ahao wei er si dao jie ke· lun dun |
| 586 | @a | |
| 606 | 0 | @a自然主义@Azi ran zhu yi@x文学研究@y美国 |
| 606 | 0 | @a现实主义@Axian shi zhu yi@x文学研究@y美国 |
| 690 | @aI712.06@v5 | |
| 701 | 1 | @a皮泽@Api ze@g(Pizer, Donald)@4主编 |
| 702 | 0 | @a张国庆@Azhang guo qing@4译 |
| 801 | 0 | @aCN@c20110610 |
| 905 | @b1016390-2@dI712.06@eT250@f3 | |
| 美国现实主义和自然主义:豪威尔斯到杰克·伦敦= American realism and naturalism:howells to London/(美) 唐纳德·皮泽尔主编/张国庆译.-武汉:武汉大学出版社,2009.08 |
| 226页;24cm.-(剑桥文学指南) |
| ISBN 978-7-307-07261-9:CNY29.00 |
| 本书分为三部分,第一部分为历史语境,分别探讨了现实主义和自然主义的美国背景和欧洲背景;第二部分涉及当代批评的有关问题;第三部分为个案分析,详细讨论了豪威尔斯、亨利·詹姆斯等著名现实主义和自然主义作家的作品和创作。 |
| ● |
| 相关链接 |
|
|
|
正题名:美国现实主义和自然主义
索取号:I712.06/T250
 
预约/预借
| 序号 | 登录号 | 条形码 | 馆藏地/架位号 | 状态 | 备注 |
| 1 | 1016390 | 210163909 | 社科二线400B/400B社科库 6排1列1层/ [索取号:I712.06/T250] | 在馆 | |
| 2 | 1016391 | 210163918 | 社科二线400B/400B社科库 5排1列5层/ [索取号:I712.06/T250] | 在馆 | |
| 3 | 1016392 | 210163927 | 社科二线400B/400B社科库 6排1列1层/ [索取号:I712.06/T250] | 在馆 |